000
00305nam a22001337a 4500
008
170630b xxu||||| |||| 00| 0 eng d
020
_a
0393957381
041
_a
eng
080
_a
821
100
_a
22
101
_a
GJL
245
_a
THE NORTON ANTHOLOGY OF NORTON LITERATURE
_c
BAYM, N
942
_2
udc
_c
BK
999
_c
19678
_d
19678